Statistiques concernant Lieux par lettre - F

Cliquez ici pour prendre le quiz!

Statistiques générales

  • Ce quiz a été pris 734 fois
  • Le résultat moyen est 11 sur 20

Statistiques - réponses

IndiceLieu% Correct
Point culminant du JaponMont {Fuji}
96%
Vous pouvez y croiser le Père Fouras,
Passe-Partout et Félindra
{Fort} {Boyard}
91%
État des États-Unis le plus au sudFloride
85%
Seul département français en FFinistère
80%
Une des 3 régions belgesFlandre
79%
Ville allemande, centre économique du paysFrancfort-sur-le-Main
79%
Ville autrefois dirigée par les MédicisFlorence
74%
Chef lieu de la MartiniqueFort-de-France
70%
Parc de loisirs poitevin, à dominante technologiqueFuturoscope
70%
Un des pays constitutifs du DanemarkÎles {Féroé}
68%
On y trouve les villes d'Espoo, Tampere et OuluFinlande
66%
Nation mélanésienneFidji
62%
Royaume "très très éloigné", dans la saga Shrek{Fort} {Fort} {Lointain}
53%
Capitale de la Sierra LeoneFreetown
52%
Seul canton suisse en FFribourg
24%
Demeure d'Elrond, aussi appelée ImladrisFondcombe
20%
Région naturelle et historique française située en
Auvergne-Rhône-Alpes
Forez
12%
Ville des Desperate HousewivesFairview
11%
Plus grande des 12 provinces constituant les Pays-BasFrise
10%
Pays où se déroule L'Histoire sans finFantasia
5%

Distribution des résultats

Percentile par nombre de réponses

% des personnes avec chaque résultat

Votre développement - résultats

Vous n’avez pas pris ce quiz